Preservando comunidades (Registro n. 330816)
[ somente texto ]
| 000 -LÍDER | |
|---|---|
| fixed length control field | 01026nab a2200337 4500 |
| 003 - CÓDIGO MARC DA AGÊNCIA CATALOGADORA | |
| Campo de controle | BR-BrBNA |
| 005 - DATA E HORA DA ÚLTIMA ATUALIZAÇÃO | |
| Campo de controle | 20250402160653.0 |
| 008 - CAMPO DE TAMANHO FIXO | |
| fixed length control field | 250402b bl.||||| |||| 00| 0 por d |
| 040 ## - FONTE DA CATALOGAÇÃO | |
| Agência catalogadora | BR-BrBNA |
| Idioma da catalogação | por |
| 072 ## - CATEGORIA AGRIS | |
| Código AGRIS | F01 ; E50 ; E51 ; E11 ; E12 ; E40 ; E70 |
| Código do objeto | 0316 |
| 100 ## - ENTRADA PRINCIPAL - NOME PESSOAL | |
| Nome pessoal | Andrade, Lívia |
| 245 ## - TÍTULO PRINCIPAL | |
| Título principal | Preservando comunidades |
| Subtítulo | Especial |
| 500 ## - NOTA GERAL | |
| Nota geral | 3 illus. |
| 942 ## - ADDED ENTRY ELEMENTS (KOHA) | |
| Koha item type | Analítica |
| 650 ## - ASSUNTO - THESAGRO | |
| Cabeçalho tópico ou nome geográfico | BABAÇU |
| 650 ## - ASSUNTO - THESAGRO | |
| Cabeçalho tópico ou nome geográfico | PALMEIRA OLEAGINOSA |
| 650 ## - ASSUNTO - THESAGRO | |
| Cabeçalho tópico ou nome geográfico | AMÊNDOA |
| 650 ## - ASSUNTO - THESAGRO | |
| Cabeçalho tópico ou nome geográfico | COCO |
| 650 ## - ASSUNTO - THESAGRO | |
| Cabeçalho tópico ou nome geográfico | COLHEITA |
| 650 ## - ASSUNTO - THESAGRO | |
| Cabeçalho tópico ou nome geográfico | MULHER RURAL |
| 650 ## - ASSUNTO - THESAGRO | |
| Cabeçalho tópico ou nome geográfico | COMUNIDADE RURAL |
| 650 ## - ASSUNTO - THESAGRO | |
| Cabeçalho tópico ou nome geográfico | ASSENTAMENTO |
| 650 ## - ASSUNTO - THESAGRO | |
| Cabeçalho tópico ou nome geográfico | ASSOCIAÇÃO RURAL |
| 650 ## - ASSUNTO - THESAGRO | |
| Cabeçalho tópico ou nome geográfico | COOPERATIVA |
| 650 ## - ASSUNTO - THESAGRO | |
| Cabeçalho tópico ou nome geográfico | AGRICULTURA FAMILIAR |
| 650 ## - ASSUNTO - THESAGRO | |
| Cabeçalho tópico ou nome geográfico | COMERCIALIZAÇÃO |
| 650 ## - ASSUNTO - THESAGRO | |
| Cabeçalho tópico ou nome geográfico | RENDA FAMILIAR |
| 650 ## - ASSUNTO - THESAGRO | |
| Cabeçalho tópico ou nome geográfico | MARANHÃO |
| 773 0# - ENTRADA ANALÍTICA | |
| Host Biblionumber | 1706 |
| Registro do item | 346304 |
| Imprenta | São Paulo-SP Editora Três Ltda - E-mail: luizfsa@revistadinheiro.com.br 2004 |
| Outro identificador | 2024-6957 |
| Título | Dinheiro Rural (Brazil) |
| ISSN | 1807-3700 |
| Colação | v. 3(21) p. 40-41; (Jul 2006) |
| Número de controle de registro | BR2025000463 |
Nenhum exemplar disponível.

BINAGRI